Pokémon- Stats Quiz - Statistics

General Stats
  • This quiz has been taken 41 times
  • The average score is 6 of 10
Answer Stats
Question Answer % Correct
Highest Total Stats Kricketot
76%
Highest Attack Rampardos
74%
Lowest Attack Chansey
71%
Highest HP Alomomola
68%
Highest Speed Slaking
62%
Highest Defense Stakataka
56%
Lowest Speed Pyukumuku
47%
Highest Special Defense Shuckle
47%
Lowest Total Stats Dodrio
38%
Highest Special Attack Mew
38%
No matching quizzes found
Score Distribution
Percent of People with Each Score
Percentile by Number Answered
Your Score History
You have not taken this quiz